Polscy Politycy II RP (z dedykacją dla Kolegi Ignacego) - Statystyki

Ogólne statystyki
  • Ten quiz został rozwiązany 425 razy
  • Średni wynik to 11 z 16
Statystyki odpowiedzi
Podpowiedź Polityk % Poprawnych
Początkowo członek i przywódca bojówki PPS, następnie naczelnik Polski. Po wojnie Polsko-Bolszewickiej wycofał się z polityki, lecz do niej powrócił podczas Przewrotu Majowego, po którym był Szarą Eminencją polskiego rządu (był też przez pewien czas Premierem). Józef Piłsudski
95%
Niezależny polityk. Został wybrany na 1 prezydenta II RP, lecz po nagonce Endecji został zabity w zamachu przez malarza, Eligiusza Niewiadomskiego. Gabriel Narutowicz
94%
Główny teoretyk nacjonalizmu polskiego. Założył nurt ideologiczny zwany Narodową Demokracją. Był przedstawicielem Polski na konferencji pokojowej w Wersalu. Początkowo popierał Faszyzm Włoski, lecz później stwierdził że ten ustrój jest dobry tylko jeśli jest przejściowy. Roman Dmowski
94%
W młodości związany z socjalistami. Był słynnym chemikiem (między innymi opracował metodę masowego otrzymywania kwasu azotowego). Członek BBWR. Był 3 prezydentem II RP. Ignacy Mościcki
90%
Pianista. Przyjaciel Prezydenta USA, Woodrowa Wilsona. Przedstawiciel Polski na konferencji w Wersalu oraz Premier. Ignacy Jan Paderewski
80%
Przywódca PSL ,,Piast", oraz 3-krotny Premier Polski. Wybór jego na Premiera (po raz 3) jest uważany za bezpośrednią przyczynę wybuchu Przewrotu Majowego, po którym został poszukiwany listem gończym. Został skazany wraz z innymi politykami koalicji Centrolewu na karę więzienia podczas tak zwanego Procesu Brzeskiego. Wincenty Witos
79%
Polski generał oraz premier (rządu na uchodźctwie). Jeden z głównych założycieli Frontu Morges. Zmarł w katastrofie lotniczej. Władysław Sikorski
77%
Działacz wpierw PPS, następnie PSL ,,Piast". 2 prezydent II RP. Zrezygnował ze stanowiska podczas Przewrotu Majowego. Stanisław Wojciechowski
72%
Marszałek Polski. Po rozpadzie BBWR próbował kontynuować i zreformować ruch Sanacyjny, obracając go wokół jego osoby (kult jednostki), oraz łącząc go z Endecją. Edward Rydz-Śmigły
65%
Jedna z czołowych działaczek komunistycznych, przywódczyni SDKPiL. Została rozstrzelana po upadku Powstania Spartakusa w Niemczech. Róża Luksemburg
55%
Polski komunista. Członek Rosyjskiej Partii Komunistycznej oraz założyciel CZEKI. Znany z romansów z wieloma kobietami (jedna z nich po odrzuceniu popełniła samobójstwo). Feliks Dzierżyński
49%
Generał oraz przywódca operacji (która później będzie zwana Buntem), podczas której ogłosił powstanie Państwa Litwy Środkowej, oraz ogłosił się jego przywódcą. Lucjan Żeligowski
49%
Działacz ruchu który wspierał przyłączenie Śląska do Polski. Deputowany Reichstagu. Chadeka. Przywódca PSChD. Wojciech Korfanty
49%
Socjalista. Premier Polski oraz przywódca BBWR. Po odsunięciu go od polityki przez Prezydenta oraz Marszałka, popełnił samobójstwo poprzez strzał w usta. Zostawił list w którym napisał ,,Odbieram sobie życie. Nikogo proszę nie winić. 2/IV. 1939..." Walery Sławek
41%
Czołowy działacz Faszystowski w Polsce. Założyciel RNR. Po wojnie kolaborował z PZPR. Bolesław Piasecki
38%
Premier Polski (do ucieczki z kraju), członek BBWR (wcześniej też PPS). Generał, wolnomularz, z wykształcenia lekarz. Kazał we wsiach rozstawić latryny później zwane ,,Sławojkami". Felicjan Sławoj Składkowski
32%
Nie znaleziono quizów pasujących do podanych kryteriów
Rozkład punktacji
Procent ludzi z każdym wynikiem
Percentyl według liczby udzielonych odpowiedzi
Twoja historia wyników
Nie rozwiązałeś tego quizu